000 00488nam a22001457a 4500
082 _aBEE-3 ABU
100 _aHafiz M. Abubakar Khan
_993305
245 _aCar accident prevention during medical emergency (CAPME)
260 _aIslamabad
_bNUST-SEECS
_c2015
300 _a55p.
_b27cm.
_eError In CD (Not accessible)
500 _aSupervisors: Dr. Ammar Hasan, Dr. Amir Ali
700 _aWasiq Khan
_993306
856 _uhttp://10.250.8.41:8080/xmlui/handle/123456789/29117
942 _cPR
_2ddc
999 _c13713
_d13713